00498nam a2200181 a 4500001001300000003000900013005001700022008004100039020001000080082001600090245005300106260004700159300000800206500003500214505001000249650002400259710003300283nice12345678IN_TiNIC20260116012358.0050524s1957 mada grp 000 0 eng  ac10000a270.82bCLS aPlan of Church Union in North India and Pakistan aMadrasbChristian Literature Societyc1957 a64p aincludes index and biblioraphy2 aIndex aEcumenicalism-India2 aChristian Literature Society